00000000nam##2200000za#4500
0019.519482
003CaOODSP
00520200327031602
007ta
008150406|1992||||xxc|||||     f|0| 0 eng|d
020 |a0-660-57072-6
022 |a0706-148X
040 |aCaOODSP|beng
041 |aeng
041 |afre
043 |an-cn---
0861 |aS52-2/208-1992
1101 |aCanada.|bSecretary of State of Canada. |bTranslation Bureau.
24510|aStatistics and surveys vocabulary / |cby Yves Thériault et al.
260 |aOttawa - Ontario : |bSecretary of State of Canada. |c1992.
300 |a555p. : |c22 cm.
4901 |aTerminology bulletin|x0706-148X|v208
504 |aBibliography.
5203 |aTerminology Bulletin 208. By Yves Thériault with the collaboration of Estelle Beauregard and Michel Charuest. This vocabulary contains approximately 4,300 entries with 730 definitions exclusively in the field of statistics and surveys. The terms come from unilingual, bilingual and multilingual dictionaries and Statistics Canada publications. Some concepts, especially those relating to survey vocabulary, are particular to Statistics Canada, and the terms that designate these concepts were selected because they are commonly used in the department.
546 |aBilingual
563 |aSoftcover
590 |a92-17|b1992-04-24
69007|aStatistics|2gcpds
69007|aTerminology|2gcpds
7201 |aThériault, Yves
7760#|tVocabulaire de l'électronique et des telecommunications |w(CaOODSP)9.590508
792 |tVocabulaire de la statistique et des enquêtes / |efre|w(CaOODSP)9.519483
830#0|aTerminology bulletin,|x0706-148X|v208|w(CaOODSP)9.509598